=LDR 00000nam 2200000 4500 =001 INLIS000000000011041 =005 20130612102639 =008 ***********************************Ind** =035 ##$$0010-061300000011041 =041 ##$$a Ind =082 ##$$a 675.23 =090 ##$$a 675-23, Pur-p =100 ##$$a Purnomo, Eddy =245 ##$$a Penyamakan kulit Peptil, Eddy Punomo =260 ##$$a Kanisius6c1991 $b Yogyakarta =300 ##$$a 128.hlm, ilus, 21 cm =650 ##$$a Penyamakan =850 ##$$a NBPNMAT